Générique Dino Ranch - Paroles - Statistiques

Statistiques générales
  • Ce quiz a été pris 4 fois
  • Le résultat moyen est 9 sur 20
Statistiques - réponses
Paroles % Correct
Mais nous formons une {famille}
100%
Nous venons d'endroits {différents}
100%
C'est {nous} les Cassidy
75%
Tous des {Dino} Ranchos
75%
Blitz fonce au triple {galop}
50%
D I N O D I N O Dino Dino {Ranch}
50%
D I N O D I N O Dino Dino {Ranch}
50%
D I N O D I N O Dino Dino {Ranch}
50%
Dino Dino {Ranch}
50%
L'aventure nous {attend}
50%
L'aventure nous {attend}
50%
C'est tellement {excitant}
25%
De Clover au coeur d'{or}
25%
Jon maîtrise le {lasso}
25%
Les Ranchos c'est {parti}
25%
Miguel résous les {problèmes}
25%
Min aime beaucoup s'{occuper}
25%
Nous sommes toujours {unis}
25%
Tango vient en {renfort}
25%
Nous aimons nous {entraider}
0%
Aucun quiz correspondant
Distribution des résultats
% des personnes avec chaque résultat
Percentile par nombre de réponses
Votre historique - résultats
Vous n’avez pas pris ce quiz